Punchneedle creations
| Main Author: | |
|---|---|
| Format: | Book |
| Published: |
Australia :
Sally Milner Publishing Pty Ltd ,
2007
|
| Series: | Milner craft series
|
| Subjects: |
MARC
| LEADER | 00000cam a2200000 7i4500 | ||
|---|---|---|---|
| 001 | 0000128564 | ||
| 005 | 20090518.0 | ||
| 020 | |a 9781863513593 | ||
| 090 | 0 | 0 | |a 746.44 |b GUR |
| 100 | 1 | |a Gurney, Pamela | |
| 245 | 1 | 0 | |a Punchneedle creations |c Pamela Gurney |
| 260 | |a Australia : |b Sally Milner Publishing Pty Ltd , |c 2007 | ||
| 300 | |a 184p. ; |c 28cm. | ||
| 490 | 0 | |a Milner craft series | |
| 650 | 0 | 0 | |a Embroidery |
| 650 | 0 | 0 | |a Punched work |
| 999 | |a 00225887 |b BUKU |c RUJUKAN |e PERPUSTAKAAN KOMUNITI PETALING JAYA | ||